00000000nam##2200000za#4500
0019.647887
003CaOODSP
00520200330132303
007ta
008150407|2000||||xxc|||||     f|0| 0 eng|d
020 |a0-662-28798-3
040 |aCaOODSP|beng
043 |an-cn---
0861 |aMR21-21/2000E
1101 |aCanada.|bMedical Research Council of Canada.
24512|aA legacy of excellence 1960-2000
260 |aOttawa - Ontario : |bMedical Research Council |c2000.
300 |a84p. : |billus. ; |c15 cm.
500 |aN.B.: This publication was previously listed in Weekly Checklist 2000 No. 17, April 4, 2000.
563 |aSoftcover
590 |a00-36|b2000-09-08
69007|aMedical research|2gcpds
69007|aHistory|2gcpds
69007|aFuture|2gcpds
69007|aCommemoration|2gcpds
77508|tUn héritage d'excellence, 1960-2000 |w(CaOODSP)9.681268
7760#|tA legacy of excellence, 1960-2000 |w(CaOODSP)9.696387